000 00939nam a2200205Ia 4500
999 _c51070
_d51070
001 18027
003 GE_BSU
005 20240118141729.0
008 181216s1980||||ge |||||||||||||| ||geo||
040 _cGE_BSU
041 _ageo
080 _a811.353.31'342.4 კ-49
100 _aკიზირია, ნანა
_921077
245 _aჭანურის ბგერითი შედგენილობა :
_b(ექსპერიმ. გამოკვლევა სოფ. სარფის მეტყველების მიხედვით) /
_cნანა კიზირია; საქ. სსრ მეცნ. აკად., ენათმეცნ. ინ-ტი.
264 _aთბილისი :
_bმეცნიერება,
_c1980.
300 _a68 გვ. :
_b13ფ. ილ. ;
_c21 სმ.
520 _aრეზ. რუს.
653 _aჭანური ენა
942 _cBK
_2udc